Central Library OPAC University of Rajshahi

জলের লেখন / (Record no. 38522)

MARC details
000 -LEADER
fixed length control field 00690nam a2200217 a 4500
001 - CONTROL NUMBER
control field 38522
003 - CONTROL NUMBER IDENTIFIER
rucl marc code BD-RjUL
005 - DATE AND TIME OF LATEST TRANSACTION
control field 20220403141303.0
008 - FIXED-LENGTH DATA ELEMENTS--GENERAL INFORMATION
fixed length control field 151223s1969 bg ||||| |||| 00| 0 ben d
035 ## - SYSTEM CONTROL NUMBER
System control number (BD-RjUL)38627
040 ## - CATALOGING SOURCE
Original cataloging agency BD-RjUL
Language of cataloging ben
Transcribing agency BD-RjUL
041 ## - LANGUAGE CODE
Language code of text/sound track or separate title ben
082 ## - DEWEY DECIMAL CLASSIFICATION NUMBER
Edition number 23
Classification number 891.441
Author mark and year JAJ 1969
100 ## - MAIN ENTRY--PERSONAL NAME
Personal name জসীমউদদীন
9 (RLIN) 118920
245 ## - TITLE STATEMENT
Title জলের লেখন /
Statement of responsibility, etc. জসীমউদদীন
260 ## - PUBLICATION, DISTRIBUTION, ETC. (IMPRINT)
Place of publication, distribution, etc. ঢাকা :
Name of publisher, distributor, etc. পলাশ প্রকাশনী,
Date of publication, distribution, etc. ১৯৬৯.
300 ## - PHYSICAL DESCRIPTION
Pagination ৭২ পৃ.;
Size ২২ সেমি.
650 ## - SUBJECT ADDED ENTRY--TOPICAL TERM
Topical term or geographic name as entry element বাংলা কবিতা
9 (RLIN) 118921
Topical term or geographic name as entry element Bengali poetry
9 (RLIN) 118922
942 ## - ADDED ENTRY ELEMENTS (KOHA)
Source of classification or shelving scheme Dewey Decimal Classification
Koha item type Books
Holdings
Lost status Source of classification or shelving scheme Damaged status Not for loan Collection code Permanent Location Current Location Shelving location Date acquired Source of acquisition Cost, normal purchase price Total Checkouts Full call number Date last seen Date checked out Copy number Koha item type
  Dewey Decimal Classification     Non-fiction Central Library, University of Rajshahi Central Library, University of Rajshahi   20/05/1970 নওরোজ, ঢাকা 1.75 1 B 891.441 JAJ 1969 01/02/2016 28/12/2015 C-2 Books
  Dewey Decimal Classification   Not For Loan Non-fiction Central Library, University of Rajshahi Central Library, University of Rajshahi Reading Room 20/05/1970 Dacca, Nawrose Kitabishtan 1.75   B 891.441 JAJ 1969 29/03/2022   C-1 Books